| 000 | 01081nam a2200241Ia 4500 | ||
|---|---|---|---|
| 001 | 236-ALF ju sp (11332) | ||
| 003 | IT-MiSPE | ||
| 008 | 171229s9999||||xx |||||||||||||| ||und|| | ||
| 040 |
_aIT-MiSPE _cIT-MiSPE |
||
| 041 | _aITALIANO | ||
| 100 | _aJuan Alfaro | ||
| 240 | _aEsperanza cristiana y liberación del hombre | ||
| 245 | 0 | _aSperanza cristiana e liberazione dell'uomo | |
| 250 | _a1a ed. (v) | ||
| 260 |
_aBrescia _bQueriniana _c1972 |
||
| 300 |
_a227 p. _c23 cm |
||
| 490 |
_aBiblioteca di teologia contemporanea _v10 |
||
| 501 | _aEdizioni San Paolo srl - Piazza Soncino, 5 - 20092 CINISELLO BALSAMO (MI) (non commercial uses only) ® Copyright 2018 | ||
| 700 |
_aLuisito Bianchi _g(traduzione) |
||
| 942 | _cBK | ||
| 957 | _71 | ||
| 999 |
_a10648 _bNO _g Copie: 1 _c341287 _d341287 |
||